Путешествия в некоторые отдаленные страны света Лемюэля Гулливера, сначала хирурга, а потом капитана нескольких кораблей: роман; для среднего и старшего школьного возраста

Bibliographic Details
Main Author: Свифт Дж. Джонатан
Other Authors: Энгельгардт Б. М. (переводчик), Гранвиль Ж. (иллюстратор)
Summary:Исключено из фонда НТБ ТПУ
Language:Russian
Published: Архангельск, Северо-Западное книжное издательство, 1986
Format: MixedMaterials Book
KOHA link:https://koha.lib.tpu.ru/cgi-bin/koha/opac-detail.pl?biblionumber=129437

MARC

LEADER 00000nam0a2200000 4500
001 129437
005 20231101220157.0
020 |a RU  |b 86-29867 
035 |a (RuTPU)RU\TPU\book\140100 
090 |a 129437 
100 |a 20080124d1986 d y0rusy5003 ca 
101 1 |a rus  |c eng 
102 |a RU 
105 |a a z 000ay 
200 1 |a Путешествия в некоторые отдаленные страны света Лемюэля Гулливера, сначала хирурга, а потом капитана нескольких кораблей  |e роман  |e для среднего и старшего школьного возраста  |f Дж. Свифт  |g пер. Б. М. Энгельгардт ; худож. Ж. Гранвиль 
210 |a Архангельск  |c Северо-Западное книжное издательство  |d 1986 
215 |a 284,[1] с.  |c ил. 
333 |a Исключено из фонда НТБ ТПУ 
700 1 |a Свифт  |b Дж.  |c английский писатель  |f 1667-1745  |g Джонатан  |9 1839 
702 1 |a Энгельгардт  |b Б. М.  |4 730 
702 1 |a Гранвиль  |b Ж.  |4 440 
801 0 |a RU  |b RuMRKP  |c 19950704  |g psbo 
801 1 |a RU  |b 63413507  |c 20080124  |g PSBO 
801 2 |a RU  |b 63413507  |c 20220623  |g PSBO 
942 |c BK